000 00535nam a2200181Ia 4500
999 _c34293
_d34293
003 OSt
005 20200918144437.0
008 190216s9999||||xx |||||||||||||| ||und||
020 _a9788120338661
040 _coclc
082 _a512.89
_bSHA/M
100 _aSharma, Vinod K
_94760
245 0 _aMatrix Methods And Vector Spaces In Physics /
_cVinod K Sharma
260 _bPhi Learning Private,
_c2009.
_aNew Delhi:
300 _a484p
650 _aPhysics
942 _cBK
_2ddc
_h512.89
_iSHA/M
_k512.89
_mSHA/M